Celestina : (Record no. 132108)

MARC details
000 -LEADER
campo de control de longitud fija 00771nam a2200217 i 4500
001 - NÚMERO DE CONTROL
campo de control 132108
003 - IDENTIFICADOR DE NÚMERO DE CONTROL
campo de control ES-MaACL
005 - FECHA Y HORA DE LA ÚLTIMA TRANSACCIÓN
campo de control 20251116063107.0
007 - CAMPO FIJO DE DESCRIPCIÓN FÍSICA--INFORMACIÓN GENERAL
campo de control de longitud fija t|
008 - DATOS DE LONGITUD FIJA--INFORMACIÓN GENERAL
campo de control de longitud fija 070214q1908 xxk |||| | eng d
080 ## - NÚMERO DE LA CLASIFICACIÓN DECIMAL UNIVERSAL
Número de la Clasificación Decimal Universal 821.134.2-21"15"
100 1# - ENTRADA PRINCIPAL--NOMBRE DE PERSONA
Nombre de persona Rojas, Fernando de,
Fechas asociadas al nombre ca. 1470-1541
9 (RLIN) 99042
240 13 - TÍTULO UNIFORME
Título uniforme La Celestina.
Lenguaje de la obra Inglés
245 10 - MENCIÓN DEL TÍTULO
Título Celestina :
Resto del título the tragi-comedy of Calixto and Melibea /
Mención de responsabilidad, etc. Fernando de Rojas ; translated from the Spanish by James Mabbe ; edited with introduction by Warner Allen.
260 ## - PUBLICACIÓN, DISTRIBUCIÓN, ETC.
Lugar de publicación, distribución, etc. London :
Nombre del editor, distribuidor, etc. George Routhledge of Son,
Fecha de publicación, distribución, etc. [1908?]
300 ## - DESCRIPCIÓN FÍSICA
Extensión CXII, 346 p. ;
Dimensiones 21 cm.
700 1# - ENTRADA AGREGADA--NOMBRE PERSONAL
Nombre de persona Mabbe, James (
Fechas asociadas al nombre 1572-1642)
9 (RLIN) 74995
700 1# - ENTRADA AGREGADA--NOMBRE PERSONAL
Nombre de persona Allen, Warner.
9 (RLIN) 20003
852 4# - LOCALIZACIÓN
Ubicación ES-MaACL
Número de control de estantería G-12282
Holdings
Estatus retirado Estado de pérdida Estado de daño No para préstamo Biblioteca de origen Biblioteca actual Ubicación en estantería Fecha de adquisición Fuente de adquisición Total de préstamos Signatura topográfica completa Código de barras Visto por última vez Precio de reemplazo Tipo de ítem Koha
        Biblioteca del Ateneo de Madrid Biblioteca del Ateneo de Madrid Sala Pecera Planta 3 17/01/2008     G-12282 1137540 23/02/2023 23/02/2023 Libro impreso